Avances en pasturas cultivadas y naturales /
Guardado en:
| Autor Principal: | |
|---|---|
| Formato: | Libro |
| Idioma: | Spanish |
| Publicado: |
Buenos Aires :
Hemisferio Sur : Centro Regional de Ayuda Técnica,
1974.
|
| Etiquetas: |
Agregar Etiqueta
Sin Etiquetas, Sea el primero en etiquetar este registro!
|
| LEADER | 00496nam a22001335a 4500 | ||
|---|---|---|---|
| 001 | EEA.libagro008673 | ||
| 005 | 20160930110539.0 | ||
| 008 | 130809s1974####ag#a##########000#0#spa#d | ||
| 082 | 0 | 4 | |a 633.2 |
| 100 | 1 | |a Semple, Arthur T. |q (Arthur Truman), |d 1895- | |
| 245 | 1 | 0 | |a Avances en pasturas cultivadas y naturales / |c Arthur T. Semple. |
| 260 | |a Buenos Aires : |b Hemisferio Sur : |b Centro Regional de Ayuda Técnica, |c 1974. | ||
| 300 | |a 544 p. : |b il. ; |c 22 cm. | ||
| 859 | |a AR-BbBCA |b BIB. AGRONOMIA |h 633.2 |i S473 |p 2012/6068 | ||
